000 00307nam a22001337a 4500
008 170719b xxu||||| |||| 00| 0 eng d
020 _a0933782020
041 _aeng
080 _a2
100 _a24
101 _aTEO
245 _aCONSTITUTION OF THE ISLAMIC REPUBLIC OF IRAN
_cALGAR, H
942 _2udc
_cBK
999 _c21601
_d21601